[Event "46. Villa de Mislata - Open C 2012"]
[Site "Mislata ESP"]
[Date "2012.08.13"]
[Round "1.1"]
[White "Fernandez Muñoz, Emiliano"]
[Black "Fernandez Lara, Vicente"]
[Result "0-1"]
[WhiteElo "1892"]
[BlackElo "1653"]
[PlyCount "94"]
[EventDate "2012.08.13"]
[EventType "tourn"]
[EventRounds "9"]
[EventCountry "ESP"]
[EventCategory "2"]
[Source "lmi"]
[SourceDate "2012.08.13"]

1. e4 d6 2. d4 g6 3. Nf3 Bg4 4. Bc4 e6 5. h3 Bxf3 6. Qxf3 Bg7 7. c3 Nf6 8. Bb3
Nfd7 9. O-O Nc6 10. a3 O-O 11. g3 Na5 12. Ba2 b5 13. Nd2 c5 14. dxc5 dxc5 15.
Qe2 a6 16. Nf3 Nc6 17. Bf4 e5 18. Be3 Qc8 19. Rad1 c4 20. Bb1 Nf6 21. Kg2 Na5
22. Nxe5 Re8 23. f4 Nc6 24. Bd4 Nxe5 25. Bxe5 Qb7 26. Qf3 Rad8 27. Rfe1 Nh5 28.
Bxg7 Nxg7 29. e5 Qb6 30. Qf2 Qc7 31. Be4 Ne6 32. Qf3 Nc5 33. Rd5 Rxd5 34. Bxd5
Nd3 35. Re2 Rd8 36. e6 fxe6 37. Rxe6 Kg7 38. Qe4 Rd7 39. Qd4+ Kh6 40. f5 Qd8
41. Qe3+ Qg5 42. Qxg5+ Kxg5 43. Bc6 Rf7 44. f6 Kf5 45. Rd6 Ke5 46. Rd4 Rxf6 47.
Bf3 Ne1+ 0-1

[Event "46. Villa de Mislata - Open C 2012"]
[Site "Mislata ESP"]
[Date "2012.08.13"]
[Round "1.2"]
[White "Moya Garcia, Jose Virgilio"]
[Black "Cortes Ruiz, Javier"]
[Result "1/2-1/2"]
[WhiteElo "1644"]
[BlackElo "1892"]
[PlyCount "29"]
[EventDate "2012.08.13"]
[EventType "tourn"]
[EventRounds "9"]
[EventCountry "ESP"]
[EventCategory "2"]
[Source "lmi"]
[SourceDate "2012.08.13"]

1. d4 Nf6 2. c4 e5 3. dxe5 Ng4 4. Nf3 Bc5 5. e3 Nc6 6. h3 Ngxe5 7. Be2 O-O 8.
O-O d6 9. Nc3 Be6 10. b3 f5 11. Nd5 Nxf3+ 12. Bxf3 Rb8 13. Bb2 a5 14. Nf4 Bf7
15. Bd5 1/2-1/2

[Event "46. Villa de Mislata - Open C 2012"]
[Site "Mislata ESP"]
[Date "2012.08.13"]
[Round "1.3"]
[White "Santandreu Gregori, David"]
[Black "Alcaraz Moreno, Sergio"]
[Result "1-0"]
[WhiteElo "1890"]
[BlackElo "1640"]
[PlyCount "57"]
[EventDate "2012.08.13"]
[EventType "tourn"]
[EventRounds "9"]
[EventCountry "ESP"]
[EventCategory "2"]
[Source "lmi"]
[SourceDate "2012.08.13"]

1. d4 d5 2. Nf3 Nf6 3. Bf4 Bf5 4. e3 e6 5. Bd3 Ne4 6. O-O Bd6 7. Nbd2 Bxf4 8.
exf4 Nxd2 9. Qxd2 Bg6 10. f5 Bh5 11. fxe6 Bxf3 12. exf7+ Kxf7 13. Qf4+ Qf6 14.
Qxc7+ Qe7 15. Qxe7+ Kxe7 16. gxf3 Nc6 17. Rfe1+ Kd6 18. c3 g5 19. Re3 h5 20.
Rae1 Rag8 21. Re6+ Kc7 22. Rf6 g4 23. f4 h4 24. Rg6 Rxg6 25. Bxg6 Rf8 26. f5
Kd7 27. Bh5 Rg8 28. f6 Nd8 29. Re7+ 1-0

[Event "46. Villa de Mislata - Open C 2012"]
[Site "Mislata ESP"]
[Date "2012.08.13"]
[Round "1.4"]
[White "Palomo Ruiperez, Bruno"]
[Black "Cebrian Flores, Juan Antonio"]
[Result "0-1"]
[WhiteElo "1638"]
[BlackElo "1888"]
[PlyCount "38"]
[EventDate "2012.08.13"]
[EventType "tourn"]
[EventRounds "9"]
[EventCountry "ESP"]
[EventCategory "2"]
[Source "lmi"]
[SourceDate "2012.08.13"]

1. e4 c5 2. Nf3 d6 3. d4 cxd4 4. Nxd4 Nf6 5. Nc3 g6 6. Be3 Bg7 7. f3 O-O 8. Bc4
Nc6 9. Qd2 Bd7 10. O-O-O Rb8 11. Kb1 Na5 12. Bb3 b5 13. Nd5 Nxd5 14. exd5 Nc4
15. Bxc4 bxc4 16. c3 Qa5 17. Ne2 Bf5+ 18. Ka1 Rb5 19. g4 Qxa2+ 0-1

[Event "46. Villa de Mislata - Open C 2012"]
[Site "Mislata ESP"]
[Date "2012.08.13"]
[Round "1.5"]
[White "Iglesias Fernandez, Luis"]
[Black "Fenollar Baenas, Nahim"]
[Result "0-1"]
[WhiteElo "1886"]
[BlackElo "1632"]
[PlyCount "60"]
[EventDate "2012.08.13"]
[EventType "tourn"]
[EventRounds "9"]
[EventCountry "ESP"]
[EventCategory "2"]
[Source "lmi"]
[SourceDate "2012.08.13"]

1. e4 d6 2. d4 Nf6 3. Nc3 g6 4. Bg5 Bg7 5. e5 dxe5 6. dxe5 Qxd1+ 7. Rxd1 Ng4 8.
Nd5 Bxe5 9. h3 Nf6 10. Bxf6 exf6 11. f4 Bd6 12. Nxf6+ Kf8 13. Nf3 Kg7 14. Nd5
Be6 15. g3 Re8 16. Kf2 Nd7 17. Ng5 Bxd5 18. Rxd5 Nf6 19. Rb5 b6 20. Bc4 Bc5+
21. Kg2 Rad8 22. Nf3 Nd5 23. Bd3 Ne3+ 24. Kh2 Nxc2 25. Rb3 Rxd3 26. h4 Rxb3 27.
axb3 f6 28. Rc1 Re2+ 29. Kh3 Rf2 30. Nh2 Ne3 0-1

[Event "46. Villa de Mislata - Open C 2012"]
[Site "Mislata ESP"]
[Date "2012.08.13"]
[Round "1.6"]
[White "Garcia Martinez, Vicente"]
[Black "Harutyunyan, Tigran"]
[Result "0-1"]
[WhiteElo "1622"]
[BlackElo "1885"]
[PlyCount "22"]
[EventDate "2012.08.13"]
[EventType "tourn"]
[EventRounds "9"]
[EventCountry "ESP"]
[EventCategory "2"]
[Source "lmi"]
[SourceDate "2012.08.13"]

1. e4 c5 2. Nf3 Nf6 3. Nc3 d5 4. exd5 Nxd5 5. Be2 g6 6. O-O Bg7 7. h3 O-O 8.
Ne4 Qc7 9. Bc4 Nb6 10. Bb3 c4 11. d4 cxb3 0-1

[Event "46. Villa de Mislata - Open C 2012"]
[Site "Mislata ESP"]
[Date "2012.08.13"]
[Round "1.7"]
[White "Garcia Cervera, Manuel Miguel"]
[Black "Lopez Palomar, Jose"]
[Result "1/2-1/2"]
[WhiteElo "1874"]
[BlackElo "1621"]
[PlyCount "62"]
[EventDate "2012.08.13"]
[EventType "tourn"]
[EventRounds "9"]
[EventCountry "ESP"]
[EventCategory "2"]
[Source "lmi"]
[SourceDate "2012.08.13"]

1. Nf3 Nf6 2. c4 g6 3. g3 Bg7 4. Bg2 d6 5. Nc3 O-O 6. O-O c5 7. d3 Nc6 8. h3 h6
9. Rb1 Bd7 10. a3 Qc8 11. Kh2 Nh7 12. Bd2 a5 13. Nd5 Qd8 14. b4 e6 15. Ne3 axb4
16. axb4 cxb4 17. Bxb4 Nxb4 18. Rxb4 Bc6 19. Qb3 Qe7 20. Nd2 Ra7 21. Bxc6 bxc6
22. Rb6 Bd4 23. Rb8 Nf6 24. Rxf8+ Kxf8 25. Nc2 e5 26. e3 Rb7 27. Qa3 Bc5 28.
Qa8+ Kg7 29. Rb1 Rxb1 30. Nxb1 Qa7 31. Qxa7 Bxa7 1/2-1/2

[Event "46. Villa de Mislata - Open C 2012"]
[Site "Mislata ESP"]
[Date "2012.08.13"]
[Round "1.8"]
[White "Lopez Benlloch, Vicente"]
[Black "Gil Juan, German"]
[Result "0-1"]
[WhiteElo "1620"]
[BlackElo "1860"]
[PlyCount "62"]
[EventDate "2012.08.13"]
[EventType "tourn"]
[EventRounds "9"]
[EventCountry "ESP"]
[EventCategory "2"]
[Source "lmi"]
[SourceDate "2012.08.13"]

1. e4 d6 2. d4 Nf6 3. Nc3 c6 4. Nf3 Nbd7 5. Be2 e5 6. dxe5 dxe5 7. Bg5 Be7 8.
O-O O-O 9. a3 a5 10. Bd3 b5 11. Ne2 Qc7 12. Ng3 Rd8 13. b4 axb4 14. axb4 Rxa1
15. Qxa1 Bxb4 16. Bxf6 Nxf6 17. Nxe5 Bd6 18. Nf3 Bc5 19. Qc3 Qb6 20. e5 Nd5 21.
Qd2 h6 22. Ne4 Bb4 23. c3 Nxc3 24. Nxc3 Bf5 25. Qf4 Bxd3 26. Rc1 Bxc3 27. Rxc3
b4 28. Rc1 b3 29. Nd2 b2 30. Re1 b1=Q 31. Nxb1 Bxb1 0-1

[Event "46. Villa de Mislata - Open C 2012"]
[Site "Mislata ESP"]
[Date "2012.08.13"]
[Round "1.9"]
[White "Maronda Escriva, Ivan"]
[Black "Sanmateu Juan, Sergio"]
[Result "1-0"]
[WhiteElo "1852"]
[BlackElo "1612"]
[PlyCount "57"]
[EventDate "2012.08.13"]
[EventType "tourn"]
[EventRounds "9"]
[EventCountry "ESP"]
[EventCategory "2"]
[Source "lmi"]
[SourceDate "2012.08.13"]

1. d4 d5 2. Nf3 e6 3. Bf4 c5 4. e3 Nc6 5. c3 Nf6 6. Nbd2 Be7 7. h3 O-O 8. Bd3
b6 9. O-O Bd6 10. Ne5 Qc7 11. Ndf3 Nd7 12. Bxh7+ Kxh7 13. Ng5+ Kg8 14. Qh5 Nf6
15. Qh4 Nxe5 16. dxe5 Bxe5 17. Rfe1 Bxf4 18. exf4 Bb7 19. Re5 Rad8 20. Nh7 Nxh7
21. Rh5 f6 22. Rxh7 Kf7 23. Qh5+ Ke7 24. Rxg7+ Kd6 25. Rxc7 Kxc7 26. Re1 Bc8
27. Qg6 d4 28. cxd4 Rxd4 29. Qg7+ 1-0

[Event "46. Villa de Mislata - Open C 2012"]
[Site "Mislata ESP"]
[Date "2012.08.13"]
[Round "1.10"]
[White "Company Girones, Rafael"]
[Black "Lopez Benavent, Luis Vicente"]
[Result "0-1"]
[WhiteElo "1601"]
[BlackElo "1852"]
[PlyCount "112"]
[EventDate "2012.08.13"]
[EventType "tourn"]
[EventRounds "9"]
[EventCountry "ESP"]
[EventCategory "2"]
[Source "lmi"]
[SourceDate "2012.08.13"]

1. e4 e6 2. d4 d5 3. Nd2 Nf6 4. e5 Nfd7 5. Bd3 c5 6. c3 Nc6 7. Ndf3 f6 8. exf6
Nxf6 9. Ne5 cxd4 10. cxd4 Bd6 11. f4 O-O 12. Ngf3 a6 13. O-O Bd7 14. Qc2 Nb4
15. Qb3 Nxd3 16. Nxd3 b6 17. Nfe5 Bb5 18. a4 Bxd3 19. Qxd3 Bxe5 20. fxe5 Ne4
21. Bd2 Rc8 22. Bb4 Rxf1+ 23. Rxf1 Qg5 24. Qf3 h6 25. Qf7+ Kh7 26. Bf8 Rc2 27.
Qf3 Nd2 28. Qd3+ Qg6 29. Qxg6+ Kxg6 30. h3 Rxb2 31. Rf2 Nc4 32. Rf3 Rd2 33.
Rg3+ Kf5 34. Bxg7 Rxd4 35. Bxh6 Nxe5 36. Bg7 Rxa4 37. Bxe5 Kxe5 38. Rg5+ Kf6
39. Rg3 e5 40. Rf3+ Rf4 41. Rc3 Rc4 42. Rf3+ Kg5 43. g4 Kh4 44. Kg2 d4 45. Rf5
Rc2+ 46. Kf3 e4+ 47. Kxe4 Kxh3 48. g5 a5 49. g6 Rg2 50. Kf3 Rg3+ 51. Ke4 d3 52.
Rf3 d2 53. Rxg3+ Kxg3 54. g7 d1=Q 55. g8=Q+ Kf2 56. Qa2+ Qe2+ 0-1

[Event "46. Villa de Mislata - Open C 2012"]
[Site "Mislata ESP"]
[Date "2012.08.14"]
[Round "2.1"]
[White "Alemany Maroto, Vicente"]
[Black "Santandreu Gregori, David"]
[Result "0-1"]
[WhiteElo "1760"]
[BlackElo "1890"]
[PlyCount "84"]
[EventDate "2012.08.13"]
[EventType "tourn"]
[EventRounds "9"]
[EventCountry "ESP"]
[EventCategory "2"]
[Source "lmi"]
[SourceDate "2012.08.13"]

1. e4 e6 2. d4 d5 3. exd5 exd5 4. Bf4 Nf6 5. Nf3 Bb4+ 6. c3 Bd6 7. Bxd6 Qxd6 8.
Be2 Bf5 9. O-O O-O 10. h3 h6 11. Bd3 Ne4 12. Qc2 Qf4 13. Nbd2 Nd7 14. Rae1 Rae8
15. Re3 Re6 16. Rfe1 Rfe8 17. c4 c6 18. b3 g5 19. Nf1 Bg6 20. g3 Qb8 21. Kg2 f5
22. N1d2 Kg7 23. Nf1 Bh5 24. N1h2 Bg6 25. Nd2 f4 26. R3e2 fxg3 27. Nxe4 dxe4
28. Bxe4 Bxe4+ 29. Rxe4 Rxe4 30. Rxe4 gxh2 31. Qe2 Nf6 32. Rxe8 Qxe8 33. Qxe8
Nxe8 34. Kxh2 Kf6 35. Kg3 Kf5 36. f3 h5 37. Kf2 Kf4 38. b4 Nd6 39. b5 Nxc4 40.
bxc6 bxc6 41. Ke2 Nd6 42. Kf2 Nf5 0-1

[Event "46. Villa de Mislata - Open C 2012"]
[Site "Mislata ESP"]
[Date "2012.08.14"]
[Round "2.3"]
[White "Harutyunyan, Tigran"]
[Black "Moreno Vicente, Jesus Miguel"]
[Result "1-0"]
[WhiteElo "1885"]
[BlackElo "1754"]
[PlyCount "129"]
[EventDate "2012.08.13"]
[EventType "tourn"]
[EventRounds "9"]
[EventCountry "ESP"]
[EventCategory "2"]
[Source "lmi"]
[SourceDate "2012.08.13"]

1. d4 d5 2. c4 c6 3. Nf3 Nf6 4. Nc3 a6 5. cxd5 cxd5 6. h3 Bf5 7. Qb3 Qd7 8. Ne5
Qc8 9. Nxd5 Nxd5 10. Qxd5 e6 11. Qb3 Nc6 12. Nxc6 Qxc6 13. Bd2 Bd6 14. Rc1 Qe4
15. Qb6 Qd5 16. Qb3 Qxb3 17. axb3 Kd7 18. g4 Be4 19. f3 Bg3+ 20. Kd1 Bd5 21.
Rc3 Rhc8 22. Rd3 f5 23. gxf5 exf5 24. Rg1 f4 25. e4 Bc6 26. h4 Ke8 27. Bh3 Rd8
28. Be1 Bb5 29. Rd2 Bxe1 30. Kxe1 g6 31. h5 Kf7 32. d5 Kf6 33. hxg6 hxg6 34.
Rdg2 Rg8 35. Be6 Rg7 36. Rg5 Rh8 37. e5+ Ke7 38. Rxg6 Rxg6 39. Rxg6 Be8 40. d6+
Kd8 41. Rg8 Rh5 42. Bf7 Rxe5+ 43. Kd2 Kd7 44. Rxe8 Rg5 45. Re4 Kxd6 46. Rxf4
Rg2+ 47. Kc3 Ke5 48. Re4+ Kf5 49. Re7 b5 50. b4 Kf6 51. Rb7 Rg1 52. Bd5 Ke5 53.
Be4 Rc1+ 54. Kd2 Ra1 55. Kc2 Kd4 56. Kb3 Re1 57. Rd7+ Ke5 58. Ra7 Re3+ 59. Ka2
Kd4 60. Rxa6 Kc4 61. Ra3 Re1 62. Bd3+ Kxb4 63. Rb3+ Ka4 64. Bxb5+ Ka5 65. Bc6
1-0

[Event "46. Villa de Mislata - Open C 2012"]
[Site "Mislata ESP"]
[Date "2012.08.14"]
[Round "2.4"]
[White "Gil Juan, German"]
[Black "Marques Montolio, Luis"]
[Result "1/2-1/2"]
[WhiteElo "1860"]
[BlackElo "1738"]
[PlyCount "152"]
[EventDate "2012.08.13"]
[EventType "tourn"]
[EventRounds "9"]
[EventCountry "ESP"]
[EventCategory "2"]
[Source "lmi"]
[SourceDate "2012.08.13"]

1. d4 d5 2. Bf4 Bf5 3. Nf3 Nf6 4. e3 e6 5. c3 Be7 6. Qb3 Qc8 7. Nbd2 O-O 8. Ne5
Nbd7 9. Be2 Nxe5 10. dxe5 Nd7 11. Nf3 c5 12. c4 dxc4 13. Bxc4 Nb6 14. O-O Be4
15. Nd2 Bd5 16. Bxd5 exd5 17. e4 d4 18. Qg3 Qe6 19. b3 Rfd8 20. Rac1 a5 21. a4
Rac8 22. Qd3 Nd7 23. Nc4 b6 24. Bg3 Re8 25. f4 Qg4 26. f5 Bg5 27. h3 Qh5 28.
Rcd1 Rc6 29. Bh2 Qh6 30. g4 Qh4 31. Kg2 Qh6 32. Rf3 Bh4 33. Rdf1 Bg5 34. Qd1
Qh4 35. Rd3 Qh6 36. Qf3 Bh4 37. Rh1 Qg5 38. Bf4 Qe7 39. Rg1 Bg5 40. Bh2 Rh6 41.
Rf1 Bh4 42. Bf4 Bg5 43. Bh2 Bh4 44. Qe2 Bg5 45. Rdf3 Bh4 46. Nd6 Rf8 47. Bf4
Bg5 48. Bxg5 Qxg5 49. Nxf7 Rxf7 50. e6 Ne5 51. exf7+ Kxf7 52. Rg3 d3 53. Qe3
Qxe3 54. Rxe3 Rd6 55. Rd1 Rd4 56. Kg3 Kf6 57. h4 h6 58. Kf4 g5+ 59. fxg6 Nxg6+
60. Kg3 Ne5 61. Kh3 Rb4 62. Rdxd3 Nxd3 63. Rxd3 Ke5 64. g5 hxg5 65. hxg5 Rxe4
66. Rg3 Kf5 67. g6 Re8 68. Kg2 Rg8 69. g7 Kf6 70. Kf3 Kf7 71. Ke4 Re8+ 72. Kd5
Kg8 73. Rg6 Rd8+ 74. Kc4 Rd4+ 75. Kc3 Rb4 76. Rg3 Rf4 1/2-1/2

[Event "46. Villa de Mislata - Open C 2012"]
[Site "Mislata ESP"]
[Date "2012.08.14"]
[Round "2.5"]
[White "Garcia Requena, Joan"]
[Black "Maronda Escriva, Ivan"]
[Result "0-1"]
[WhiteElo "1753"]
[BlackElo "1852"]
[PlyCount "68"]
[EventDate "2012.08.13"]
[EventType "tourn"]
[EventRounds "9"]
[EventCountry "ESP"]
[EventCategory "2"]
[Source "lmi"]
[SourceDate "2012.08.13"]

1. c4 c6 2. Nc3 d5 3. cxd5 cxd5 4. g3 Nf6 5. Bg2 Nc6 6. d3 e6 7. Nf3 a6 8. O-O
Bd6 9. a3 O-O 10. Bd2 Re8 11. Rc1 Nd7 12. b4 Na7 13. Nd4 Be5 14. Nb3 Bxc3 15.
Bxc3 Nf6 16. Bb2 Re7 17. Qd2 b6 18. Bxf6 gxf6 19. Qh6 Rd7 20. Nd4 Bb7 21. Bh3
Qe7 22. Nf5 Qf8 23. Qxf8+ Kxf8 24. Nd4 Nb5 25. Nc2 Rc8 26. a4 Nc3 27. Nd4 Nxa4
28. Ra1 Nc3 29. Rfe1 f5 30. Nxf5 Nb5 31. Ne3 Rdc7 32. Kf1 Nd4 33. Rab1 Ke7 34.
Ng2 Rc2 0-1

[Event "46. Villa de Mislata - Open C 2012"]
[Site "Mislata ESP"]
[Date "2012.08.14"]
[Round "2.6"]
[White "Arambul Ripolles, Javier"]
[Black "Vila Todosantos, Jose Miguel"]
[Result "1-0"]
[WhiteElo "1728"]
[BlackElo "1850"]
[PlyCount "45"]
[EventDate "2012.08.13"]
[EventType "tourn"]
[EventRounds "9"]
[EventCountry "ESP"]
[EventCategory "2"]
[Source "lmi"]
[SourceDate "2012.08.13"]

1. e4 c5 2. Nf3 Nc6 3. d4 cxd4 4. Nxd4 a6 5. Nxc6 bxc6 6. Bc4 Nf6 7. Nc3 g6 8.
e5 Ng8 9. O-O Bg7 10. Re1 e6 11. Bb3 Ne7 12. Bg5 Qc7 13. Bf6 Bxf6 14. exf6 Nd5
15. Bxd5 cxd5 16. Nxd5 Qd8 17. Ne7 Bb7 18. Qd2 Qc7 19. Rad1 Rd8 20. Qh6 Qc5 21.
Qf4 h5 22. Qd6 Qg5 23. Nd5 1-0

[Event "46. Villa de Mislata - Open C 2012"]
[Site "Mislata ESP"]
[Date "2012.08.14"]
[Round "2.7"]
[White "Magan Gonzalez, Alberto"]
[Black "Ventura Monfort, Javier"]
[Result "1-0"]
[WhiteElo "1848"]
[BlackElo "1715"]
[PlyCount "79"]
[EventDate "2012.08.13"]
[EventType "tourn"]
[EventRounds "9"]
[EventCountry "ESP"]
[EventCategory "2"]
[Source "lmi"]
[SourceDate "2012.08.13"]

1. e4 c5 2. Nf3 d6 3. d4 cxd4 4. Nxd4 Nf6 5. Nc3 a6 6. Bg5 e6 7. f4 b5 8. Bd3
b4 9. Nce2 Qc7 10. Bxf6 gxf6 11. Qd2 Qb6 12. O-O-O h5 13. Kb1 Bb7 14. Qe1 Nd7
15. Qh4 Be7 16. f5 d5 17. fxe6 fxe6 18. exd5 f5 19. Qg3 Bxd5 20. Qg6+ Kd8 21.
Qf7 Bf6 22. Bxf5 Bxa2+ 23. Kxa2 Ra7 24. Nxe6+ Kc8 25. Rxd7 Qa5+ 26. Kb1 b3 27.
N6d4 Qa2+ 28. Kc1 Bg5+ 29. Nf4 Bxf4+ 30. Kd1 bxc2+ 31. Nxc2 Qxf7 32. Rxf7+ Kb8
33. Rxa7 Kxa7 34. Bd3 h4 35. h3 Rg8 36. Rf1 Be5 37. Be4 Bxb2 38. Rf7+ Kb6 39.
Rb7+ Kc5 40. Rxb2 1-0

[Event "46. Villa de Mislata - Open C 2012"]
[Site "Mislata ESP"]
[Date "2012.08.14"]
[Round "2.8"]
[White "Romero Cuerda, Jose Luis"]
[Black "Canton Sanchez, Adrian"]
[Result "1/2-1/2"]
[WhiteElo "1711"]
[BlackElo "1847"]
[PlyCount "61"]
[EventDate "2012.08.13"]
[EventType "tourn"]
[EventRounds "9"]
[EventCountry "ESP"]
[EventCategory "2"]
[Source "lmi"]
[SourceDate "2012.08.13"]

1. d4 d5 2. c4 e6 3. Nc3 Nf6 4. Nf3 Bb4 5. a3 Bxc3+ 6. bxc3 c6 7. e3 O-O 8. Bd3
Ne4 9. Qc2 f5 10. O-O g5 11. Ne5 Nd7 12. f4 Nxe5 13. dxe5 g4 14. cxd5 cxd5 15.
c4 Nc5 16. cxd5 Nxd3 17. Qxd3 Qxd5 18. Qxd5 exd5 19. Rd1 Be6 20. Bb2 Rac8 21.
Rac1 b5 22. Bd4 a6 23. Bc5 Rfe8 24. Rc3 Rc6 25. Rdc1 Rb8 26. Bd6 Rxc3 27. Rxc3
Rc8 28. Rxc8+ Bxc8 29. Kf1 Kf7 30. Ke2 Ke6 31. Kd3 1/2-1/2

[Event "46. Villa de Mislata - Open C 2012"]
[Site "Mislata ESP"]
[Date "2012.08.14"]
[Round "2.9"]
[White "Montoliu Costa, Francisco"]
[Black "Davidovas Chananovas, Norman"]
[Result "0-1"]
[WhiteElo "1710"]
[BlackElo "1838"]
[PlyCount "68"]
[EventDate "2012.08.13"]
[EventType "tourn"]
[EventRounds "9"]
[EventCountry "ESP"]
[EventCategory "2"]
[Source "lmi"]
[SourceDate "2012.08.13"]

1. e4 d6 2. d4 Nf6 3. Bd3 g6 4. c3 Bg7 5. Be3 O-O 6. Qc2 Ng4 7. Bd2 c5 8. f3
Nf6 9. d5 e6 10. c4 Re8 11. Nc3 a6 12. Nge2 exd5 13. exd5 Bd7 14. a4 a5 15. O-O
Na6 16. Ne4 Qb6 17. Rab1 Nb4 18. Bxb4 cxb4+ 19. Kh1 b3 20. Qd2 Bxa4 21. N2c3
Bd7 22. Ra1 a4 23. Ra3 Qb4 24. Rc1 Nxe4 25. fxe4 Rec8 26. Qf2 b5 27. Bf1 Qa5
28. cxb5 Bxc3 29. bxc3 Rxc3 30. Qb2 Rxc1 31. Qxc1 Rc8 32. Qa1 Bxb5 33. Bxb5
Qxb5 34. h3 b2 0-1

[Event "46. Villa de Mislata - Open C 2012"]
[Site "Mislata ESP"]
[Date "2012.08.14"]
[Round "2.10"]
[White "Llacuna Roca, Josep"]
[Black "Cerdan Herraez, Manuel Vicente"]
[Result "0-1"]
[WhiteElo "1698"]
[BlackElo "1830"]
[PlyCount "110"]
[EventDate "2012.08.13"]
[EventType "tourn"]
[EventRounds "9"]
[EventCountry "ESP"]
[EventCategory "2"]
[Source "lmi"]
[SourceDate "2012.08.13"]

1. e4 e5 2. Nf3 d6 3. d4 exd4 4. Nxd4 Nf6 5. Nc3 Bd7 6. Bg5 Be7 7. Be2 Nxe4 8.
Nxe4 Bxg5 9. Nf3 Bf6 10. c3 O-O 11. O-O Bc6 12. Qc2 Bxe4 13. Qxe4 d5 14. Qg4
Qd7 15. Qg3 c6 16. h4 Be7 17. Bd3 Bd6 18. Qg5 h6 19. Qh5 f5 20. Nd4 Qf7 21.
Qxf7+ Rxf7 22. Nxf5 Bf8 23. Rae1 Nd7 24. Nd4 Nc5 25. Bg6 Rf6 26. h5 Bd6 27. Re2
Raf8 28. Rfe1 a6 29. Re8 Rxf2 30. Nf3 Rxb2 31. Rxf8+ Bxf8 32. Re8 Ne4 33. Ne5
Rb1+ 34. Kh2 Rf1 35. Nd7 Nxc3 36. Bh7+ Kxh7 37. Nxf8+ Rxf8 38. Rxf8 Nxa2 39.
Rb8 b5 40. g4 d4 41. Rd8 c5 42. Kg3 b4 43. g5 hxg5 44. Kg4 Nc3 45. Kxg5 Ne4+
46. Kf5 Ng3+ 47. Kg5 b3 48. Rd7 Ne4+ 49. Kf5 Nf6 50. Rb7 c4 51. Rb4 a5 52. Rb8
a4 53. h6 Kxh6 54. Rh8+ Nh7 55. Rd8 b2 0-1

[Event "46. Villa de Mislata - Open C 2012"]
[Site "Mislata ESP"]
[Date "2012.08.14"]
[Round "3.1"]
[White "Santandreu Gregori, David"]
[Black "Pallas I Garrido, Ernest Josep"]
[Result "1/2-1/2"]
[WhiteElo "1890"]
[BlackElo "1808"]
[PlyCount "89"]
[EventDate "2012.08.13"]
[EventType "tourn"]
[EventRounds "9"]
[EventCountry "ESP"]
[EventCategory "2"]
[Source "lmi"]
[SourceDate "2012.08.13"]

1. d4 d5 2. Nf3 e6 3. Bf4 Nf6 4. e3 Bd6 5. Ne5 O-O 6. Nd2 Nbd7 7. Bd3 Qe7 8.
Qf3 c5 9. c3 c4 10. Bc2 Rd8 11. g4 Nf8 12. g5 N6d7 13. Rg1 Bxe5 14. dxe5 Nc5
15. g6 hxg6 16. Bg5 Qe8 17. Bxd8 Qxd8 18. Qd1 Bd7 19. b4 Nd3+ 20. Bxd3 cxd3 21.
a4 Qc7 22. Rg3 Qxe5 23. Nf3 Qf6 24. Ng5 Qf5 25. Qf3 Qxf3 26. Nxf3 f6 27. Kd2 e5
28. Nh4 g5 29. Ng2 e4 30. h4 Ne6 31. h5 Nd8 32. h6 Nc6 33. hxg7 Ne5 34. Kc1 Nf3
35. Rh3 Kxg7 36. Kb2 Rh8 37. Rxh8 Kxh8 38. Rh1+ Kg7 39. Ne1 Nxe1 40. Rxe1 Bxa4
41. Kc1 Kg6 42. Kd2 Bd7 43. Rh1 Kg7 44. Rc1 Bb5 45. Rh1 1/2-1/2

[Event "46. Villa de Mislata - Open C 2012"]
[Site "Mislata ESP"]
[Date "2012.08.14"]
[Round "3.2"]
[White "Fuset Torralba, Jose Luis"]
[Black "Cebrian Flores, Juan Antonio"]
[Result "0-1"]
[WhiteElo "1801"]
[BlackElo "1888"]
[PlyCount "92"]
[EventDate "2012.08.13"]
[EventType "tourn"]
[EventRounds "9"]
[EventCountry "ESP"]
[EventCategory "2"]
[Source "lmi"]
[SourceDate "2012.08.13"]

1. c4 Nf6 2. g3 g6 3. Bg2 Bg7 4. Nc3 O-O 5. e4 d6 6. Nge2 e5 7. O-O c6 8. d3
Be6 9. h3 Ne8 10. Kh2 f5 11. b3 h6 12. d4 Nf6 13. Ba3 Re8 14. Rc1 Bf8 15. dxe5
dxe5 16. Bxf8 Rxf8 17. exf5 gxf5 18. Qe1 Na6 19. Nf4 Bxc4 20. bxc4 exf4 21.
Qe6+ Kh8 22. Qxf5 h5 23. Qg6 Qc7 24. Ne4 Qg7 25. Qxg7+ Kxg7 26. gxf4 Nxe4 27.
Bxe4 Rxf4 28. f3 Nc5 29. Rg1+ Kf6 30. Rg6+ Kf7 31. Rcg1 Nxe4 32. fxe4 Rxe4 33.
Rg7+ Kf6 34. Rxb7 Rxc4 35. Rgg7 Rc2+ 36. Kg3 Rxa2 37. Rgf7+ Ke6 38. Rbe7+ Kd6
39. Rd7+ Kc5 40. Rf5+ Kb6 41. Rxh5 Rg8+ 42. Kf3 Ra3+ 43. Ke2 Rg2+ 44. Kf1 Rh2
45. Kg1 Rhxh3 46. Rxh3 Rxh3 0-1

[Event "46. Villa de Mislata - Open C 2012"]
[Site "Mislata ESP"]
[Date "2012.08.14"]
[Round "3.3"]
[White "Morant Gomar, Sergio"]
[Black "Harutyunyan, Tigran"]
[Result "1/2-1/2"]
[WhiteElo "1782"]
[BlackElo "1885"]
[PlyCount "50"]
[EventDate "2012.08.13"]
[EventType "tourn"]
[EventRounds "9"]
[EventCountry "ESP"]
[EventCategory "2"]
[Source "lmi"]
[SourceDate "2012.08.13"]

1. e4 c5 2. Nf3 Nf6 3. Nc3 d5 4. exd5 Nxd5 5. Bb5+ Bd7 6. O-O Bxb5 7. Nxb5 a6
8. Nc3 g6 9. Ne4 Qb6 10. d4 cxd4 11. Qxd4 Qxd4 12. Nxd4 Bg7 13. c3 Nd7 14. Be3
e5 15. Nc2 O-O 16. Rad1 N7f6 17. Nxf6+ Nxf6 18. Bb6 Rac8 19. a4 Rfe8 20. Nb4
Bf8 21. Nd5 Rc6 22. a5 Nxd5 23. Rxd5 Bd6 24. Rfd1 Bc7 25. Bxc7 Rxc7 1/2-1/2

[Event "46. Villa de Mislata - Open C 2012"]
[Site "Mislata ESP"]
[Date "2012.08.14"]
[Round "3.4"]
[White "Maronda Escriva, Ivan"]
[Black "Rull Costa, Baltasar"]
[Result "1/2-1/2"]
[WhiteElo "1852"]
[BlackElo "1797"]
[PlyCount "87"]
[EventDate "2012.08.13"]
[EventType "tourn"]
[EventRounds "9"]
[EventCountry "ESP"]
[EventCategory "2"]
[Source "lmi"]
[SourceDate "2012.08.13"]

1. d4 Nf6 2. Nf3 e6 3. Bf4 c5 4. e3 cxd4 5. exd4 b6 6. Bd3 Bb7 7. c3 d6 8. O-O
Be7 9. h3 O-O 10. Re1 Re8 11. Nbd2 Nbd7 12. Bg3 Bf8 13. Bb5 a6 14. Ba4 b5 15.
Bb3 h6 16. a4 Qb6 17. axb5 axb5 18. Rxa8 Bxa8 19. Bc2 Rc8 20. Bd3 Qc6 21. Qb3
Rb8 22. Ra1 e5 23. dxe5 Nxe5 24. Bxe5 dxe5 25. Bf1 e4 26. Nd4 Qd7 27. Bxb5 Qe7
28. Nf1 Qe5 29. Ne3 Bd6 30. g3 Bc5 31. Qc4 Bxd4 32. cxd4 Qxb5 33. Qxb5 Rxb5 34.
Rxa8+ Kh7 35. Nc4 Rd5 36. Ne5 Rxd4 37. Ra1 Rd2 38. Rb1 Nd5 39. Kf1 e3 40. fxe3
Nxe3+ 41. Ke1 Rg2 42. Rc1 Rxb2 43. Nxf7 Rh2 44. Rc3 1/2-1/2